Poesías que da a luz la Real Academia Española, habiéndolas juzgado merecedoras de mención honorífica entre las presentadas al Certamen Extraordinario abierto por la misma Real Academia para conmemorar los triunfos de las armas españolas en la Guerra de Africa
Αποθηκεύτηκε σε:
| Κύριοι συγγραφείς: | , , |
|---|---|
| Συγγραφή απο Οργανισμό/Αρχή: | |
| Μορφή: | Βιβλίο |
| Γλώσσα: | Ισπανικά |
| Έκδοση: |
Madrid
Imprenta Nacional
1860
|
| Έκδοση: | 1a. ed |
| Θέματα: | |
| Ετικέτες: |
Προσθήκη ετικέτας
Δεν υπάρχουν, Καταχωρήστε ετικέτα πρώτοι!
|
MARC
| LEADER | 00000nam a2200000 a 4500 | ||
|---|---|---|---|
| 001 | UCJ4082 | ||
| 003 | CL-VaPUC | ||
| 008 | 070124e18600601SP |||||||||||||||||spa|d | ||
| 082 | 0 | 4 | |a 861 |b RUI |2 21 |
| 100 | 0 | |a Ruiz de Somavía, José María |e author |9 506960 | |
| 700 | 0 | |a Aparisi y Guijarro, Antonio |e author |9 405168 | |
| 700 | 0 | |a Romea, Julián |e author |9 506961 | |
| 110 | 2 | |a Real Academia Española |e author |9 506962 | |
| 245 | 1 | 0 | |a Poesías que da a luz la Real Academia Española, habiéndolas juzgado merecedoras de mención honorífica entre las presentadas al Certamen Extraordinario abierto por la misma Real Academia para conmemorar los triunfos de las armas españolas en la Guerra de Africa |
| 250 | |a 1a. ed | ||
| 300 | |a 99 p | ||
| 942 | |c BK | ||
| 945 | |d 20070124 00:00:00 |a rinostro | ||
| 260 | |a Madrid |b Imprenta Nacional |c 1860 | ||
| 650 | 0 | |a Poesía española |9 264938 | |
| 650 | 7 | |a CERTAMEN LITERARIO |2 CL-VaPUC |9 505132 | |
| 650 | 7 | |a HOMENAJE |2 CL-VaPUC |9 333787 | |
| 583 | |a last modification |c 20070124 00:00:00 |k Rodrigo Vera | ||
| 999 | |c 320199 |d 320197 | ||
| 952 | |0 0 |1 0 |4 0 |6 861_000000000000000_RUI_1860 |7 0 |8 X |9 398676 |a FDOBUD |b FDOBUD |d 2019-11-22 |i 1013149 |o 861 RUI 1860 |p 1013149 |r 2019-11-22 |w 2019-11-22 |y BK_X |k BUD | ||